Statistics for Jon Heder Filmography

Click here to take the quiz!

General Stats

  • This quiz has been taken 6 times
    (3 since last reset)
  • The average score is 38 of 107

Answer Stats

TypeYearName% Correct
Film2007Surf's Up
100%
FilmTBAKilling Winston Jones
67%
Film2007Moving McAllister
67%
Film2004Napoleon Dynamite
67%
TV Show2012Napoleon Dynamite
67%
Film2017Surf's Up 2: WaveMania
67%
Film2023Tapawingo
67%
TV Show2015About a Boy
33%
Web Series2017All Hail King Julien: Exiled
33%
Short Film2012All Star Bowling Trick Shots
33%
TV Short2013A Monsterous Holiday
33%
Film2015A Mouse Tale
33%
Web Series2020Archibald's Next Big Thing
33%
Video Game2015Armikrog
33%
TV Show2014Ben 10: Omniverse
33%
Film2014Beyond Beyond
33%
Film2007Blades of Glory
33%
Film2016Bling
33%
Commercial2018Brigham Young University
33%
Film2013Buddy Holly Is Alive and Well on Ganymede
33%
Short Film2013Bud Selig Must Die
33%
Film2015Christmas Eve
33%
TV Show2014Clarence
33%
TV Show2012Comedy Bang! Bang!
33%
Web Series2017Critical Role
33%
Web Series2023Cyko KO: The Animated Series
33%
Web Series2011Dead Grandma
33%
Production2012Drained
33%
Video Game2012Epic Mickey 2: The Power of Two
33%
Web Series2010FCU: Fact Checkers Unit
33%
Film2012For Ellen
33%
Short Film2000Funky Town
33%
Film2021Funny Thing About Love
33%
Film2016Ghost Team
33%
Short Film2017Gloria Talks Funny
33%
TV Film2012Gulliver Quinn
33%
Film2016Hedgehogs
33%
Web Series2016Home: Adventures with Tip & Oh
33%
TV Show2014How I Met Your Mother
33%
Short Film2011How Will Ferrell Touched Me
33%
Film2015Huevos: Little Rooster's Egg-cellent Adventure
33%
Film2005Just Like Heaven
33%
TV Show2014Kroll Show
33%
TV Show2012Late Night with Jimmy Fallon
33%
Film2011Legend of a Rabbit
33%
Short Film2014Let's Get Digital
33%
Film2011Life Happens
33%
TV Show2004, 2005MADtv
33%
Film2007Mama's Boy
33%
Short Film2014Midway
33%
Film2006Monster House
33%
TV Show2016Motive
33%
Commercial2005Mr. Sub
33%
Film2014My Dad Is Scrooge
33%
TV Show2008My Name Is Earl
33%
Music Video2013On Top of the World
33%
Short Film2003Peluca
33%
Short Film2012Peter at the End
33%
TV Show2015-2018Pickle and Peanut
33%
Film2012Pinocchio
33%
Film2021Pinocchio: A True Story
33%
FilmTBAPlan B
33%
Film2019Pororo 5: Treasure Island
33%
Film2013Pororo, The Racing Adventure
33%
TV Show2005Punk'd
33%
Film2014Reality
33%
TV Show2002Reel Comedy
33%
TV FilmTBARelatively Super
33%
Web Series2019Retro Replay
33%
TV Show2005Robot Chicken
33%
TV Show2005Saturday Night Live
33%
Film2006School for Scoundrels
33%
Short Film2004Sockbaby
33%
TV Short2008Sockbaby 4
33%
Web Series2023Space Junk
33%
TV Show2015-2019Star vs. the Forces of Evil
33%
Web Series2017-2018Stretch Armstrong and the Flex Fighters
33%
TV Show2022Studio C
33%
TV Short2018Sunshine Brownstone
33%
Web Series2018Swedish Dicks
33%
Web Series2014TableTop
33%
TV Show2011Talking Dead
33%
Short Film2005Tankman Begins
33%
TV Show2014Teenage Mutant Ninja Turtles
33%
TV Show2019The Aquabats! RadVentures!
33%
TV Show2012The Aquabats! Super Show!
33%
Film2006The Benchwarmers
33%
Short Film2013The Caper Kind/Swiss Mistake
33%
Film2018The Ladybug
33%
TV Show2014The Legend of Korra
33%
Film2017The Little Penguin Pororo's Dinosaur Island Adventure
33%
Film2007The Sasquatch Gang
33%
Film2016The Tiger Hunter
33%
Short Film2000The Wrong Brother
33%
Film2020Tremors: Shrieker Island
33%
TV Show2014Uncle Grandpa
33%
Film2018Unexpected Race
33%
Commercial2005Utah State Fair
33%
Web Series2017VeggieTales in the City
33%
Film2015Walt Before Mickey
33%
Film2015Weepah Way for Now
33%
Film2010When in Rome
33%
Film2018When Jeff Tried to Save the World
33%
Short Film2017When Jeff Tried to Save the World
33%
Short Film2014Wildlife
33%
Web Series2009Woke Up Dead
33%
TV Show2010WWE Raw
33%

Score Distribution

Percentile by Number Answered

Percent of People with Each Score

Your Score History

You have not taken this quiz since the last reset